Responses for Show #6702 - Tuesday, November 5, 2013

Rani Peffer game 1.

Contestants

[<< previous game]

Carole Furr, an accountant from Richmond, Vermont

Rani Peffer, a corporate finance manager from Crittenden, Kentucky

Woody Houchin, a medical assistant from Chico, California (whose 1-day cash winnings total $14,100)

[next game >>]

Jeopardy! Round responses

ENTERTAINING OCCUPATIONS
THE "X" "Y" "Z" AFFAIR
TV, SELF-HELP ME!
OLD THEME, NEW GENRE
(Alex: Name the genre in which our Jeopardy! theme song is being performed.)
SHEPHERDS
PI
    $200 12
an impressionist

Woody
    $200 6
(Woody: What is zilch?)

zip

WoodyRani
    $200 26
Biggest Loser

Rani
    $200 2
reggae

Woody
    $200 17
(Woody: Who is Berlusconi?)

the pope

WoodyRani
    $200 1
(Woody: What -- is -- a radius?)

the circumference

WoodyRani
    $400 13
hypnosis

Rani
    $400 7
yeti

Woody
    $400 3
disco

Rani
    $400 18
Psalms

Carole
    $400 21
transcendental

Carole
    $1,800 14
[The disco version of the Jeopardy! theme music plays going into the commercial break.]

a puppeteer

Rani
    $600 8
zydeco

Carole
    $600 4
heavy metal

Rani
    $600 19
the crook

Rani
    $600 22
Darren Aronofsky

Triple Stumper
    $800 15
the second banana

Triple Stumper
    $800 9
a yeoman

Woody
    $800 27
Supernanny

Rani
    $800 5
(Rani: What is New Orleans?)

Dixieland

RaniCarole
    $800 20
the Basque

Woody
    $800 23
(Alex: Yes, with a minute to go.)

Ptolemy

Rani
    $1000 16
(Carole: What is mime?)

bareback riding

Carole
Triple Stumper
    $1000 11
(Woody: Who is Zedong?)
(Carole: Who is Xiaoping?)
[Alex pauses.]
(Carole: [*]?)

Deng Xiaoping

WoodyCarole
    $1000 28
[The end-of-round signal sounds.]
[The heavy metal version of the Jeopardy! theme music plays going into the commercial break.]

Queer Eye for the Straight Guy

Woody
    $1000 10
bossa nova

Rani
    $1000 25
Chloé

Carole
    $1000 24
an ellipse

Woody

Scores at the first commercial break (after clue 14):

Woody Rani Carole
$200 $3,800 $2,400

Scores at the end of the Jeopardy! Round:

Woody Rani Carole
$2,800 $6,400 $3,200

Double Jeopardy! Round responses

JUDGMENT AT NUREMBERG
WATER, WATER EVERYWHERE
COME TO OUR "ADE"
WHO'S ON TOUR?
NUTTY NAMES
THE NEW YORK TIMES THEATRE
(Ben Brantley: I'm theater critic Ben Brantley and I'll share some great and not-so-great Broadway memories.)
    $400 13
Hermann Goering

Triple Stumper
    $400 6
the Ganges

Rani
    $400 1
brocade

Carole
    $400 11
Rolling Stones

Triple Stumper
    $400 14
Peanuts

Woody
    $400 27
[The end-of-round signal sounds.]

Once

Triple Stumper
    $800 22
Watergate

Carole
    $800 7
the Baltic

Woody
    $800 2
a crusader

Woody
    $800 12
Taylor Swift

Rani
    $800 15
(Alex: Hence "Beechcraft"--[*].)

airplanes

Triple Stumper
    $800 26
Chicago

Triple Stumper
    $1,000 8
the Strait of Hormuz

Woody
    $1200 3
Blade

Woody
    $1200 19
Jimmy Buffett

Woody
    $1200 16
[Alex pronounced "X" as "ten".]

the Korean War

Woody
    $1200 25
Hamlet

Carole
    $1600 9
Botany Bay

Rani
    $2,400 4
(Woody: [No response])

serenades

Woody
    $1600 20
(Carole: Who is Madonna?)

Britney Spears

Carole
Triple Stumper
    $1600 17
Chris Pine

Woody
    $1600 23
Nora Ephron

Carole
    $2000 10
the Río de la Plata

Woody
    $2000 5
cadence

Triple Stumper
    $2000 21
P!nk

Triple Stumper
    $2000 18
(Carole: What is 100 meters?)
(Rani: What is 1000 meters?)
(Alex: Had to go a little bit longer than that. What is [*]?--the "metric mile", if you will.)

1500 meters

RaniCarole
Triple Stumper
    $2000 24
(Alex: Right, with less than a minute to go now.)

A Doll's House

Carole

Scores at the end of the Double Jeopardy! Round:

Woody Rani Carole
$10,600 $7,200 $5,600

[wagering suggestions for these scores]

Final Jeopardy! Round responses

FIRST FAMILIES
(Alex: [To Woody] Not exactly a daughter. Or a child.)
CaroleWho is Amy Carter?
$1,601
RaniWho is Chelsea Clinton?
$7,111
WoodyWho is G.W. Bus
$3,801
Chelsea Clinton

Final scores:

Woody Rani Carole
$6,799 $14,311 $3,999
2nd place: $2,000 New champion: $14,311 3rd place: $1,000

Game dynamics:

Coryat scores:

Woody Rani Carole
$13,200 $6,000 $5,600
16 R
(including 1 DD),
5 W
(including 1 DD)
15 R
(including 1 DD),
2 W
11 R,
3 W

Combined Coryat: $24,800

[game clues] [game scores] [suggest correction]

Game tape date: 2013-09-17
The J! Archive is created by fans, for fans. Scraping, republication, monetization, and malicious use prohibited; this site may use cookies and collect identifying information. See terms. The Jeopardy! game show and all elements thereof, including but not limited to copyright and trademark thereto, are the property of Jeopardy Productions, Inc. and are protected under law. This website is not affiliated with, sponsored by, or operated by Jeopardy Productions, Inc. Join the discussion at JBoard.tv.